000 00665nam a2200217 4500
003 OSt
005 20260422021219.0
006 a
008 240622b |||||||| |||| 00| 0 eng d
020 _a9780781782586
040 _aDWCL-Main lib.
_cOC
082 _aCirc. 616.0019 F144h 2009
100 _aFadem, Barbara
245 _aHigh-yield behavioral science /
260 _aPhiladelphia :
_bWilliams & Wilkins,
_cc2009.
300 _axiv,
_b126 p. ;
_c26 cm.
504 _aIncludes index.
650 _a1. Medicine and psychology-Outlines, syllabi, etc.
650 _a2. Psychology, pathological-Outlines, syllabi, etc.
942 _2ddc
_n0
_cBK-CIRC
_kCirc.
999 _c1114
_d1114